Leyes sociales (Record no. 74644)

MARC details
000 -LEADER
campo de control de longitud fija 00784nam a2200205 i 4500
001 - NÚMERO DE CONTROL
campo de control 74644
003 - IDENTIFICADOR DE NÚMERO DE CONTROL
campo de control ES-MaACL
005 - FECHA Y HORA DE LA ÚLTIMA TRANSACCIÓN
campo de control 20230906172212.0
007 - CAMPO FIJO DE DESCRIPCIÓN FÍSICA--INFORMACIÓN GENERAL
campo de control de longitud fija t|
008 - DATOS DE LONGITUD FIJA--INFORMACIÓN GENERAL
campo de control de longitud fija 040920s1927 sp ||||1| spa d
100 0# - ENTRADA PRINCIPAL--NOMBRE DE PERSONA
Nombre de persona González-Rothvoss y Gil, Mariano.
9 (RLIN) 58932
245 10 - MENCIÓN DEL TÍTULO
Título Leyes sociales
Resto del título : (obra adaptada al programa de oposiciones a la carrera fiscal) /
Mención de responsabilidad, etc. por Mariano González-Rothvoos y Gil, José Casais y Santaló y León Martín-Granizo.
260 ## - PUBLICACIÓN, DISTRIBUCIÓN, ETC.
Lugar de publicación, distribución, etc. Madrid :
Nombre del editor, distribuidor, etc. [s.n.],
Fecha de publicación, distribución, etc. 1927 (
Fabricante Tall. Tip. de la Editorial Reus)
300 ## - DESCRIPCIÓN FÍSICA
Extensión 184 p. ;
Dimensiones 23 cm.
650 #4 - PUNTO DE ACCESO ADICIONAL DE MATERIA--TÉRMINO DE MATERIA
Término de materia o nombre geográfico como elemento de entrada Fiscales-
Subdivisión geográfica España-
Subdivisión de forma Contestaciones para oposiciones.
9 (RLIN) 159427
700 1# - ENTRADA AGREGADA--NOMBRE PERSONAL
Nombre de persona Casais y Santaló, José.
9 (RLIN) 185662
700 1# - ENTRADA AGREGADA--NOMBRE PERSONAL
Nombre de persona Martín-Granizo, León.
9 (RLIN) 77517
852 ## - LOCALIZACIÓN
Ubicación ES-MaACL
Número de control de estantería F-4466
Holdings
Estatus retirado Estado de pérdida Estado de daño No para préstamo Biblioteca de origen Biblioteca actual Ubicación en estantería Fecha de adquisición Fuente de adquisición Total de préstamos Signatura topográfica completa Código de barras Visto por última vez Precio de reemplazo Tipo de ítem Koha
        Biblioteca del Ateneo de Madrid Biblioteca del Ateneo de Madrid Depósito 2 17/01/2008     F-4466 1078136 23/02/2023 23/02/2023 Libro impreso